000 00801cam a22002174a 4500
020 _a0471387525 (acidfree paper)
040 _cDLC
082 0 0 _a520 WIL 2002 A034 Or.
_aB
100 1 _aCerami, Charles A.
245 1 0 _aBenjamin Banneker :
_bsurveyor, astronomer, publisher, patriot /
260 _aNew York :
_bJ. Wiley,
_cc2002.
300 _axiii, 257 p. :
_bill. ;
_c24 cm.
650 0 _aAstronomers
650 0 _aAfrican American scientists
856 4 2 _uhttp://www.loc.gov/catdir/bios/wiley046/2001046960.html
856 4 2 _uhttp://www.h-net.org/review/hrev-a0c8x6-aa
856 4 2 _uhttp://www.loc.gov/catdir/description/wiley0310/2001046960.html
856 4 2 _uhttp://www.h-net.org/review/hrev-a0c8f6-aa
856 4 1 _uhttp://www.loc.gov/catdir/toc/wiley021/2001046960.html
942 _cEK
999 _c12368
_d12368